00309pab a2200121 454500008004000000100001900040245006600059260000900125300001300134362000800147650001400155773001800169180718b1998 xxu||||| |||| 00| 0 eng d aSharan, Ramesh aPanchayat raj and tribal self-rule: proceedings of a workshop c1998 ap.108-21 aMar aPanchayat aSocial Change